000 00284cam a22001097a 4500
008 180718b1952 xxu||||| |||| 00| 0 eng d
082 _aT19x5442 K124
100 _aKale,D.N.
245 _aAgris : a social economic survey
_cby D.N.Kale
260 _aBombay
_bAsia
_c1952
300 _a411p.
999 _c437094
_d437094